| 000 | 00626nam a2200205 a 4500 | ||
|---|---|---|---|
| 003 | PILC | ||
| 005 | 20150112093437.0 | ||
| 008 | 100720s19uu xx 00 eng d | ||
| 020 | _a0273032682 | ||
| 050 |
_aHD 31 _b.B368 1990 |
||
| 082 |
_aMnSF 658.402 _bB38 1990 |
||
| 100 |
_aBeardshaw, John _916620 |
||
| 245 |
_aThe organisation in its environment / _cJohn Beardshaw and David Palfreman |
||
| 250 | _a4th ed. | ||
| 260 |
_aLong Acre, London : _bPitman Publishing, _c1990. |
||
| 300 |
_a515 pages : _c24 cm. _billustration ; |
||
| 650 |
_aBusiness firm _916621 |
||
| 700 |
_aPalfreman, David _916622 |
||
| 942 |
_2lcc _cBK |
||
| 999 |
_c14614 _d14614 |
||